| 000 | 00552cam a2200205 i 4500 | ||
|---|---|---|---|
| 005 | 20260304133937.0 | ||
| 008 | 250721s2004 jo gr 000 0 eng d | ||
| 020 | _a995785710X | ||
| 082 | 1 | 4 |
_a821.9565 _bN U S |
| 100 | 1 |
_aNUSSEIBEH, KHALED _eAuthor. |
|
| 245 | 1 | 0 |
_aGentle Wind / _cby KHald Nusseibeh. |
| 250 | _aFirst EDition. | ||
| 264 | 3 | 1 |
_aعمان : _bالمؤلف, _c2004. |
| 300 | _a.118 pages. | ||
| 650 | 1 | 7 | _aENGLISH POETRY. |
| 650 | 1 | 7 | _aMODERN AGE. |
| 650 | 1 | 7 | _aJORDAN. |
| 942 |
_2ddc _cBK |
||
| 999 |
_c89024 _d89024 |
||